| 000 | 00755cab a2200265 4500 | ||
|---|---|---|---|
| 001 | ABS54484 | ||
| 008 | 090401t1996 xxu||||| |||| 00| 0 eng d | ||
| 035 | _a(Sirsi) u10709 | ||
| 041 | _aeng | ||
| 100 | _aLawson, M. | ||
| 245 | _aSteel over-cladding of existing buildings | ||
| 260 | _c1996 | ||
| 350 | _a0 | ||
| 490 |
_aNew Steel Construction _v4(1) February/March 1996, 20-21(2) |
||
| 520 | _aExamines the increasing use of steel in the overcladding of buildings including an outline of its advantages. | ||
| 650 | _aCLADDING | ||
| 650 | _aOVER-CLADDING | ||
| 650 | _aPANELS | ||
| 650 | _aSTEEL | ||
| 650 | _aSUBFRAMES | ||
| 690 | _aBUILT ENVIRONMENT-BUILDING MATERIALS | ||
| 700 | _aPedroni, R. | ||
| 942 | _n0 | ||
| 948 | _c04/03/1997 | ||
| 999 |
_c6799 _d6799 |
||